| 000 | 00643nam a2200217 i 4500 | ||
|---|---|---|---|
| 001 | 113486 | ||
| 003 | ES-MaACL | ||
| 005 | 20230906185918.0 | ||
| 007 | t| | ||
| 008 | 061121s1981 sp d |||| | spa d | ||
| 100 | 1 |
_aPabón, José Manuel. _988100 |
|
| 245 | 1 | 0 |
_aDiccionario manual griego-español _b: con un apéndice gramatical / _cpor José M. Pabón S. de Urbina. |
| 250 | _a14ª ed. | ||
| 260 |
_aBarcelona : _bBiblograf, _c1981. |
||
| 300 |
_a711 p. ; _c20 cm. |
||
| 490 | 1 | _aVox | |
| 650 | 0 | 4 |
_aLengua griega- _vDiccionarios- _xEspañol. _914242 |
| 830 | 0 |
_aVox _9182574 |
|
| 852 |
_aES-MaACL _jL-7046 |
||
| 999 |
_c113486 _d113486 |
||